| 000 | 01072nam a2200205Ii 4500 | ||
|---|---|---|---|
| 003 | JO-AjNU | ||
| 008 | 230605s9999||||xx |||||||||||||| ||und|| | ||
| 017 | _a2016/4/1887 | ||
| 040 |
_aJO-AjNU _bara _erda _cJO-AjNU |
||
| 041 | _aara | ||
| 050 | 1 | 4 | _aDS154.56.A22 2015 |
| 100 | 3 |
_aعبدالله بن الحسين الثاني، ملك الأردن، 1999؛ اشراف الديوان الملكي الهاشمي؛ جمع وتحرير منتهى قبلان العبداللات؛ تنسيق جنان زكي أبو زياد وآخرون, _eauthor _956023 |
|
| 245 | 0 | 0 | _aالخطاب السامي لصاحب الجلالة الهاشمية الملك عبدالله الثاني ابن الحسبن المعظم، مج 15 |
| 264 | 3 | 1 | _aعمان: الديوان الملكي العامر، 2015 |
| 300 | _aمج 15، 174ص | ||
| 336 |
_atext _btxt _2rdacontent |
||
| 337 |
_aunmediated _bn _2rdamedia |
||
| 338 |
_avolume _bnc _2rdacarrier |
||
| 650 | 4 |
_aالاردن - تاريخ -جلالة الملك عبدالله الناثي ابن الحسين - خطابات _956024 |
|
| 999 |
_aA25024 _c28592 _d28592 |
||